Länder nach Emojis 2 - Statistiken

Allgemein
  • Dieses Quiz wurde 410 mal gespielt
  • Das Durchschnittsergebnis liegt bei 8 aus 10
Antwortstatistiken
Hint Antwort % Korrekt
🐼🏯 China
100%
🥖🗼 Frankreich
99%
🦘🌏 Australien
98%
🍇🏛️ Griechenland
95%
🏰🍀 Irland
88%
🐫🏜️ Ägypten
84%
🥘🐂 Spanien
70%
🍜🎮 Südkorea
64%
🥩🏟️ Argentinien
46%
🐍🎭 Brasilien
36%
Keine übereinstimmenden Quizze gefunden
Verteilung der Resultate
Anzahl Personen mit jedem Resultat
Perzentil nach korrekt beantworteten Fragen
Ihre Resultats-Entwicklung
Sie haben dieses Quiz noch nicht gespielt